[Event "POL-ch U18"]
[Site "Sypniewo"]
[Date "2022.03.27"]
[Round "9"]
[White "Panek, Bartosz"]
[Black "Sidorczuk, Pawel"]
[Result "0-1"]
[WhiteElo "2010"]
[BlackElo "1917"]
[PlyCount "108"]
[EventDate "2022.03.19"]
[EventType "swiss"]
[EventRounds "9"]
[EventCountry "POL"]
[SourceTitle "CBM 207 Extra"]
[Source "ChessBase"]
[SourceDate "2022.05.31"]
[SourceVersion "1"]
[SourceVersionDate "2022.05.31"]
[SourceQuality "1"]

1. Nf3 d5 2. g3 Bg4 3. Bg2 Nd7 4. d4 e6 5. 0-0 Bd6 6. c4 c6 7. cxd5 exd5 8. Nc3 Ngf6 9. Bg5 h6 10. Be3 0-0 11. Qd2 Re8 12. Bf4 Bxf4 13. Qxf4 a5 14. Rfe1 b5 15. Ne5 g5 16. Qd2 Nxe5 17. dxe5 Rxe5 18. f4 Qb6+ 19. e3 gxf4 20. gxf4 Re6 21. Kh1 Rae8 22. Qf2 Kh7 23. Qh4 Qd8 24. e4 Nxe4 25. Qxd8 Rxd8 26. Nxe4 dxe4 27. Rxe4 c5 28. h3 Bf5 29. Rxe6 fxe6 30. Rc1 Rc8 31. Bb7 Rc7 32. Ba6 b4 33. Kh2 Be4 34. h4 Kg6 35. Kg3 Kf5 36. Be2 Rg7+ 37. Kf2 Kxf4 38. Rc4 Rg2+ 39. Kf1 Rg3 40. Kf2 Rh3 41. Bf1 Rh2+ 42. Kg1 Rxh4 43. Bg2 Ke3 44. Bxe4 Rxe4 45. Rxc5 Rg4+ 46. Kf1 Rg5 47. Rc6 Re5 48. a3 bxa3 49. bxa3 Kd3 50. Kf2 h5 51. Kf3 Kd4 52. Kf4 Rf5+ 53. Kg3 e5 54. Rd6+ Kc4 0-1

[Event "POL-ch U18"]
[Site "Sypniewo"]
[Date "2022.03.19"]
[Round "1"]
[White "Sidorczuk, Pawel"]
[Black "Kacprzak, Karol1111"]
[Result "0-1"]
[WhiteElo "1917"]
[BlackElo "2275"]
[PlyCount "78"]
[EventDate "2022.03.19"]
[EventType "swiss"]
[EventRounds "9"]
[EventCountry "POL"]
[SourceTitle "CBM 207 Extra"]
[Source "ChessBase"]
[SourceDate "2022.05.31"]
[SourceVersion "1"]
[SourceVersionDate "2022.05.31"]
[SourceQuality "1"]

1. e4 c5 2. Nf3 e6 3. d4 cxd4 4. Nxd4 Nc6 5. Nc3 Qc7 6. Qd3 Nf6 7. Ndb5 Qb8 8. Qg3 d6 9. Be3 a6 10. Nd4 h5 11. h3 h4 12. Qf3 Ne5 13. Qd1 b5 14. f4 b4 15. Na4 Ned7 16. Bc4 Bb7 17. f5 e5 18. Nf3 Nxe4 19. 0-0 Nef6 20. Be6 Bc6 21. Bxd7+ Nxd7 22. c4 Be7 23. b3 Qb7 24. Qe2 Rd8 25. Rad1 Nf6 26. Nb6 Ne4 27. Qb2 Ng3 28. Rf2 Nxf5 29. Qc1 Bf6 30. Re1 Rb8 31. Nxe5 Bxe5 32. Rxf5 Bxg2 33. Bd4 f6 34. Bxe5 dxe5 35. Rfxe5+ fxe5 36. Rxe5+ Kf8 37. c5 Rh6 38. Qg5 Bc6 39. Qf4+ Kg8 0-1

[Event "POL-ch U20"]
[Site "Pokrzywna"]
[Date "2021.12.13"]
[Round "9"]
[White "Sidorczuk, Pawel"]
[Black "Bujalski, Mateusz"]
[Result "1-0"]
[WhiteElo "1887"]
[BlackElo "1802"]
[PlyCount "67"]
[EventDate "2021.12.06"]
[EventType "swiss"]
[EventRounds "9"]
[EventCountry "POL"]
[SourceTitle "CBM 205 Extra"]
[Source "ChessBase"]
[SourceDate "2022.01.31"]
[SourceVersion "1"]
[SourceVersionDate "2022.01.31"]
[SourceQuality "1"]

1. d4 b6 2. c4 Nf6 3. f3 e6 4. e4 Bb7 5. Nc3 d5 6. cxd5 exd5 7. e5 Nfd7 8. f4 Bb4 9. Nf3 0-0 10. Bd3 f5 11. a3 Bxc3+ 12. bxc3 Qe7 13. Qe2 g6 14. h4 h5 15. g4 hxg4 16. Ng5 Kg7 17. Be3 Rh8 18. h5 Nf8 19. Kd2 Nc6 20. hxg6 Nxg6 21. Bxf5 Na5 22. Ne6+ Qxe6 23. Bxe6 Nb3+ 24. Kc2 Nxa1+ 25. Rxa1 g3 26. Qg4 Rh2+ 27. Kb3 a5 28. a4 b5 29. f5 bxa4+ 30. Ka3 g2 31. Qxg6+ Kh8 32. Bh6 g1Q 33. Rxg1 Rg2 34. Bg7# 1-0

[Event "Poronin Tatra Limba op"]
[Site "Poronin"]
[Date "2021.05.25"]
[Round "5"]
[White "Sidorczuk, Pawel"]
[Black "Malaczek, Mateusz"]
[Result "1/2-1/2"]
[WhiteElo "1910"]
[BlackElo "2043"]
[PlyCount "81"]
[EventDate "2021.05.22"]
[EventType "swiss"]
[EventRounds "9"]
[EventCountry "POL"]
[SourceTitle "EXT 2022"]
[Source "ChessBase"]
[SourceDate "2021.10.06"]
[SourceVersion "1"]
[SourceVersionDate "2021.10.06"]
[SourceQuality "1"]

1. e4 g6 2. d4 Bg7 3. Nf3 d6 4. c3 Nf6 5. Bd3 0-0 6. 0-0 Nc6 7. d5 Nb8 8. c4 c6 9. Nc3 Nbd7 10. Re1 Nc5 11. Bf1 Bg4 12. h3 Bxf3 13. Qxf3 a5 14. Be3 Nfd7 15. Rad1 Qb6 16. Na4 Qb4 17. Nxc5 Nxc5 18. b3 Nd7 19. Bd2 Qb6 20. Bc3 Bxc3 21. Qxc3 Qb4 22. Qd2 Qxd2 23. Rxd2 c5 24. a4 g5 25. g3 Ne5 26. Bg2 f5 27. f4 gxf4 28. gxf4 Ng6 29. exf5 Nxf4 30. Rxe7 Rf7 31. Re6 Rd8 32. Rf2 Rxf5 33. Re7 Rdf8 34. Kh2 R5f7 35. Rxf7 Rxf7 36. Be4 Kg7 37. Kg3 Nh5+ 38. Kg2 Rxf2+ 39. Kxf2 Nf6 40. Kf3 Kh6 41. Bc2 1/2-1/2

[Event "Poronin Tatra Limba op"]
[Site "Poronin"]
[Date "2021.05.24"]
[Round "4"]
[White "Raczek, Krzysztof"]
[Black "Sidorczuk, Pawel"]
[Result "1/2-1/2"]
[WhiteElo "1706"]
[BlackElo "1910"]
[PlyCount "78"]
[EventDate "2021.05.22"]
[EventType "swiss"]
[EventRounds "9"]
[EventCountry "POL"]
[SourceTitle "EXT 2022"]
[Source "ChessBase"]
[SourceDate "2021.10.06"]
[SourceVersion "1"]
[SourceVersionDate "2021.10.06"]
[SourceQuality "1"]

1. e4 c5 2. Nf3 d6 3. d4 cxd4 4. Nxd4 Nf6 5. Nc3 a6 6. f3 e5 7. Nb3 Be6 8. Be3 Nbd7 9. Nd5 Bxd5 10. exd5 Be7 11. Be2 Rc8 12. c4 0-0 13. Qd2 Nh5 14. Na5 Nf4 15. Bf1 Qc7 16. b4 f5 17. Rc1 Rce8 18. c5 dxc5 19. g3 b6 20. bxc5 Bxc5 21. Nb3 Ng6 22. Nxc5 bxc5 23. d6 Qc6 24. Bc4+ Kh8 25. Qd5 Qxd5 26. Bxd5 Rf6 27. 0-0 Rxd6 28. Bc4 e4 29. f4 Nf6 30. h3 Red8 31. Bxc5 Rd2 32. Be3 Rb2 33. Rfd1 Rxd1+ 34. Rxd1 h6 35. Bb3 Ne7 36. Bd4 Re2 37. Kf1 Rh2 38. Kg1 Re2 39. Kf1 Rh2 1/2-1/2